00641nam a2200181 u 4500001001000000003000900010005001700019007000300036008004100039040002500080082002600105100004200131245008600173260005900259300002600318500006200344650005300406000002897DO-SdBNP20220510122800.0ta090704s1984 dr a r 000 0 spa d aDO-SdBNPbspacBNPHU 4a334.097293bD635g2221 aDitrén Díaz, Ramon Isidro,d1932-10aGuía del dirigente :bevaluación cooperativa /cRamon Isidro Ditrén Díaz. aSanto Domingo :bInstituto Técnico Salesiano,c1984. a213 p :bil ;c18 cm. aIncluye datos bigráficos del autor en la contracubierta 4aCooperativismozRepública DominicanaxHistoria